<?xml version="1.0" encoding="UTF-8"?>
<collection xmlns="http://www.loc.gov/MARC21/slim">
 <record>
  <leader>00881pam a22002058a 4500</leader>
  <controlfield tag="001">00040869</controlfield>
  <controlfield tag="005">20180124140144.0</controlfield>
  <controlfield tag="008">110723s2004                  ||||||Viesd</controlfield>
  <datafield tag="020" ind1="#" ind2="#">
   <subfield code="c">21000</subfield>
  </datafield>
  <datafield tag="041" ind1="0" ind2="#">
   <subfield code="a">Vie</subfield>
  </datafield>
  <datafield tag="082" ind1="1" ind2="4">
   <subfield code="a">320.532</subfield>
   <subfield code="b">V556B</subfield>
  </datafield>
  <datafield tag="100" ind1="1" ind2="#">
   <subfield code="a">Nguyễn, Đức Bình</subfield>
  </datafield>
  <datafield tag="245" ind1="0" ind2="0">
   <subfield code="c">Nguyễn Đức Bình</subfield>
   <subfield code="a">Vững bước trên con đường xã hội chủ nghĩa</subfield>
  </datafield>
  <datafield tag="260" ind1="#" ind2="#">
   <subfield code="a">Hà Nội</subfield>
   <subfield code="b">Chính trị quốc gia</subfield>
   <subfield code="c">2008</subfield>
  </datafield>
  <datafield tag="300" ind1="#" ind2="#">
   <subfield code="a">171 tr.</subfield>
   <subfield code="c">19 cm.</subfield>
  </datafield>
  <datafield tag="650" ind1="#" ind2="4">
   <subfield code="a">Chủ nghĩa Mac_Lênin</subfield>
  </datafield>
  <datafield tag="653" ind1="#" ind2="#">
   <subfield code="a">Chính trị</subfield>
   <subfield code="a">Chủ nghĩa Mac_Lênin</subfield>
   <subfield code="a">Công tác tư tưởng</subfield>
   <subfield code="a">Tư tưởng HCM</subfield>
   <subfield code="a">Xây dựng chủ nghĩa xã hội</subfield>
   <subfield code="a">Đảng</subfield>
   <subfield code="a">Vững bước</subfield>
   <subfield code="a">Con đường</subfield>
  </datafield>
  <datafield tag="852" ind1="#" ind2="#">
   <subfield code="j">KD.0022986</subfield>
   <subfield code="j">KM.0025083</subfield>
   <subfield code="j">KM.0025084</subfield>
  </datafield>
  <datafield tag="910" ind1=" " ind2=" ">
   <subfield code="d">24/01/2018</subfield>
  </datafield>
  <datafield tag="980" ind1="#" ind2="#">
   <subfield code="a">Trung tâm Học liệu Lê Vũ Hùng, Trường Đại học Đồng Tháp</subfield>
  </datafield>
 </record>
</collection>
